Candideces. (Record no. 17741)
[ view plain ]
| 000 -CABECERA | |
|---|---|
| campo de control de longitud fija | 00596cam a2200193 4500 |
| 001 - NÚMERO DE CONTROL | |
| campo de control | 000018220 |
| 005 - FECHA Y HORA DE LA ÚLTIMA TRANSACCIÓN | |
| campo de control | 20200929165416.0 |
| 008 - DATOS DE LONGITUD FIJA--INFORMACIÓN GENERAL | |
| campo de control de longitud fija | 860619m19621990ve 000 0 spa |
| 010 ## - NÚMERO DE CONTROL DE LA BIBLIOTECA DEL CONGRESO | |
| Número de control de LC | 63052171 |
| 020 ## - NÚMERO INTERNACIONAL ESTÁNDAR DEL LIBRO | |
| Número Internacional Estándar del Libro | 9802224936 (v. 14) |
| 040 ## - FUENTE DE LA CATALOGACIÓN | |
| Centro catalogador/agencia de origen | DO-SdBNP |
| Centro/agencia transcriptor | DLC |
| Centro/agencia modificador | DLC |
| 050 00 - SIGNATURA TOPOGRÁFICA DE LA BIBLIOTECA DEL CONGRESO | |
| Número de clasificación | PQ8549.B32 |
| Número de documento/Ítem | A16 1962 |
| 100 2# - ENTRADA PRINCIPAL--NOMBRE DE PERSONA | |
| Nombre de persona | Beltran Guerrero, Luis, |
| Fechas asociadas al nombre | 1914- |
| 9 (RLIN) | 39097 |
| 245 10 - MENCIÓN DE TÍTULO | |
| Título | Candideces. |
| 260 ## - PUBLICACIÓN, DISTRIBUCIÓN, ETC. | |
| Lugar de publicación, distribución, etc. | Caracas, : |
| Nombre del editor, distribuidor, etc. | Editorial Arte, |
| Fecha de publicación, distribución, etc. | 1962-<1990 >. |
| 300 ## - DESCRIPCIÓN FÍSICA | |
| Extensión | v. <1-5, 7-11, 13, 14 > ; |
| Dimensiones | 20 cm. |
| 500 ## - NOTA GENERAL | |
| Nota general | Vol. <14 > published by: Academia Nacional de la Historia. |
| 910 ## - DATOS DE OPCIÓN DEL USUARIO (OCLC) | |
| Datos de opción del usuario | Catalogación derivada |
| Estado de retiro | Estado de pérdida | Restricciones de uso | No para préstamo | Código de colección | Localización permanente | Ubicación/localización actual | Ubicación en estantería | Fecha de adquisición | Número de inventario | Total de préstamos | Signatura topográfica completa | Código de barras | Fecha visto por última vez | Precio válido a partir de | Tipo de ítem Koha | Número de copia |
|---|---|---|---|---|---|---|---|---|---|---|---|---|---|---|---|---|
| Excluido de préstamo | Monografías: Libros y Folletos | General | General | En catalogación | 21.04.2010 | LF1 | 18220-10 | 25.06.2020 | 25.06.2020 | No se presta | ||||||
| Excluido de préstamo | Monografías: Libros y Folletos | General | General | En catalogación | 22.04.2010 | LF1 | 18220-20 | 25.06.2020 | 25.06.2020 | No se presta | e.2 |
